UK new housebuilding: April 2001 (Record no. 67201)
[ view plain ]
| 000 -LEADER | |
|---|---|
| fixed length control field | 00818cam a2200217 4500 |
| 001 - CONTROL NUMBER | |
| control field | WB3721-07 |
| 008 - FIXED-LENGTH DATA ELEMENTS--GENERAL INFORMATION | |
| fixed length control field | 000000n2001 000 0 eng u |
| 035 ## - SYSTEM CONTROL NUMBER | |
| System control number | (Sirsi) u112884 |
| 245 ## - TITLE STATEMENT | |
| Title | UK new housebuilding: April 2001 |
| 260 ## - PUBLICATION, DISTRIBUTION, ETC. | |
| Date of publication, distribution, etc. | 2001 |
| 490 ## - SERIES STATEMENT | |
| Series statement | NHBC News Release |
| Volume/sequential designation | 23 May 2001, (4) |
| 520 ## - SUMMARY, ETC. | |
| Summary, etc. | Figures from the NHBC show UK applications to build new homes decreased by 1% in April 2001 compared with April 2000. This is in contrast to the previous two months in 2001 which saw registrations fall sharply. Details of homes registered by county. For further information contact Kirsten Bunch on 01494 735315. |
| 590 ## - LOCAL NOTE (RLIN) | |
| Local note | WB |
| 650 ## - SUBJECT ADDED ENTRY--TOPICAL TERM | |
| Topical term or geographic name entry element | NHBC |
| 650 ## - SUBJECT ADDED ENTRY--TOPICAL TERM | |
| Topical term or geographic name entry element | NEW HOUSES |
| 650 ## - SUBJECT ADDED ENTRY--TOPICAL TERM | |
| Topical term or geographic name entry element | HOUSE BUILDING |
| 650 ## - SUBJECT ADDED ENTRY--TOPICAL TERM | |
| Topical term or geographic name entry element | HOUSING ASSOCIATIONS |
| 650 ## - SUBJECT ADDED ENTRY--TOPICAL TERM | |
| Topical term or geographic name entry element | STATISTICS |
| 690 ## - LOCAL SUBJECT ADDED ENTRY--TOPICAL TERM (OCLC, RLIN) | |
| Topical term or geographic name as entry element | HOUSING |
| 942 ## - ADDED ENTRY ELEMENTS (KOHA) | |
| Suppress in OPAC | 0 |
| Withdrawn status | Lost status | Source of classification or shelving scheme | Damaged status | Not for loan | Home library | Current library | Shelving location | Date acquired | Total Checkouts | Full call number | Barcode | Date last seen | Copy number | Price effective from | Koha item type |
|---|---|---|---|---|---|---|---|---|---|---|---|---|---|---|---|
| Dewey Decimal Classification | London | London | News article | 31/05/2001 | WB3721-07 | 112884-1001 | 06/08/2019 | 1 | 06/08/2019 | News article |